Wyspy na Bałtyku (z mapą) - Statystyki

Ogólne statystyki
  • Ten quiz został rozwiązany 181 razy
  • Średni wynik to 8 z 14
Odpowiedzi na mapie
Odpowiedzi zakodowano w zielono-czerwonej skali na mapie do tego quizu, zgodnie z poniższymi procentami.
 
Statystyki odpowiedzi
Powierzchnia (km²) Wyspa % Poprawnych
3184 Gotlandia
87%
7031 Zelandia
79%
265 Wolin
78%
588 Bornholm
74%
685 Fasta Åland
73%
1342 Olandia
67%
445 Uznam
65%
926 Rugia
55%
2673 Saaremaa
55%
989 Hiuma
42%
3100 Fionia
36%
1243 Lolland
27%
514 Falster
10%
291 Langeland
8%
Nie znaleziono quizów pasujących do podanych kryteriów
Rozkład punktacji
Procent ludzi z każdym wynikiem
Percentyl według liczby udzielonych odpowiedzi
Twoja historia wyników
Nie rozwiązałeś tego quizu